Escolas de Samba do Rio de Janeiro - Carnaval 2020 - Statistics

Estatísticas Gerais
  • Esse quiz foi jogado 80 vezes
  • A pontuação média é 38 de 85
Estatísticas das Respostas
Cidade Bairro Grupo Escola % Correto
Nilópolis Centro Especial Beija-Flor
97%
Rio de Janeiro Mangueira Especial Estação Primeira de Mangueira
95%
Rio de Janeiro Oswaldo Cruz e Madureira Especial Portela
93%
Rio de Janeiro Tijuca e Morro do Borel Especial Unidos da Tijuca
92%
Rio de Janeiro Vila Isabel Especial Unidos de Vila Isabel
90%
Rio de Janeiro Andaraí Especial Acadêmicos do Salgueiro
88%
Niterói Barreto Especial Unidos do Viradouro
88%
Duque de Caxias Centro Especial Acadêmicos do Grande Rio
86%
Rio de Janeiro Padre Miguel Especial Mocidade Independente de Padre Miguel
86%
Rio de Janeiro Estácio e Morro de São Carlos Especial Estácio de Sá
81%
Rio de Janeiro São Cristóvão e Morro do Tuiuti Especial Paraíso do Tuiuti
81%
Rio de Janeiro Botafogo e Cidade Nova Especial São Clemente
80%
Rio de Janeiro Ramos Série A Imperatriz Leopoldinense
78%
Rio de Janeiro Padre Miguel Série A Unidos de Padre Miguel
78%
Rio de Janeiro Madureira e Serrinha Série A Império Serrano
76%
São Gonçalo Porto da Pedra Série A Unidos do Porto da Pedra
75%
Rio de Janeiro Cacuia Especial União da Ilha do Governador
73%
Rio de Janeiro São Conrado e Rocinha Série A Acadêmicos da Rocinha
71%
Rio de Janeiro Pilares Acesso (Intendente) Caprichosos de Pilares
66%
Rio de Janeiro Tijuca e Morro da Formiga Série A Império da Tijuca
66%
Niterói Cubango Série A Acadêmicos do Cubango
64%
Rio de Janeiro Bangu Série A Unidos de Bangu
64%
Rio de Janeiro Santa Cruz Série A Acadêmicos de Santa Cruz
63%
Rio de Janeiro Vigário Geral Série A Acadêmicos de Vigário Geral
61%
Rio de Janeiro Jacarezinho Especial (Intendente) Unidos do Jacarezinho
59%
Rio de Janeiro Tanque Série A Renascer de Jacarepaguá
56%
Rio de Janeiro Curicica Especial (Intendente) União do Parque Curicica
56%
Belford Roxo Parque São Vicente Série A Inocentes de Belford Roxo
54%
Rio de Janeiro Campinho LIVRES Tradição
53%
Rio de Janeiro Abolição Acesso (Intendente) Acadêmicos da Abolição
51%
Niterói Largo da Batalha e Barreto Série A Acadêmicos do Sossego
51%
Rio de Janeiro Lins de Vasconcelos Especial (Intendente) Lins Imperial
51%
São João de Meriti Centro Série A Unidos da Ponte
51%
Rio de Janeiro Engenho da Rainha Especial (Intendente) Acadêmicos do Engenho da Rainha
49%
Rio de Janeiro Engenho de Dentro Especial (Intendente) Botafogo Samba Clube
47%
Mesquita Chatuba Avaliação Chatuba de Mesquita
47%
Rio de Janeiro Vila Kennedy Especial (Intendente) Unidos da Vila Kennedy
46%
Rio de Janeiro Santo Cristo LIVRES Vizinha Faladeira
46%
Rio de Janeiro Vicente de Carvalho Acesso (Intendente) Mocidade de Vicente de Carvalho
42%
Rio de Janeiro Vaz Lobo Avaliação União de Vaz Lobo
42%
Rio de Janeiro Parada de Lucas LIVRES Unidos de Lucas
42%
Rio de Janeiro Manguinhos Acesso (Intendente) Unidos de Manguinhos
42%
Rio de Janeiro Copacabana (Cantagalo-Pavão-Pavãozinho) LIVRES Alegria da Zona Sul
41%
Rio de Janeiro Ricardo de Albuquerque LIVRES Arame de Ricardo
41%
Rio de Janeiro Engenho de Dentro Especial (Intendente) Arranco
41%
Rio de Janeiro Cavalcanti Especial (Intendente) Em Cima da Hora
41%
Rio de Janeiro Olaria Especial (Intendente) Independentes de Olaria
41%
Rio de Janeiro Cidade de Deus Avaliação Mocidade Unida da Cidade de Deus
41%
Maricá Flamengo Especial (Intendente) União de Maricá
41%
Rio de Janeiro Cosmos Acesso (Intendente) Unidos de Cosmos
41%
Rio de Janeiro Cascadura Avaliação Arrastão de Cascadura
37%
Rio de Janeiro Acari Especial (Intendente) União do Parque Acari
37%
São João de Meriti Vilar dos Teles Avaliação Alegria do Vilar
36%
Rio de Janeiro Botafogo (Santa Marta) Avaliação Mocidade Unida do Santa Marta
34%
Rio de Janeiro Campo Grande Especial (Intendente) Sereno de Campo Grande
34%
Rio de Janeiro Campinho Especial (Intendente) União de Jacarepaguá
34%
Rio de Janeiro Bangu e Jardim Bangu Especial (Intendente) Acadêmicos do Jardim Bangu
32%
São João de Meriti Praça da Bandeira Acesso (Intendente) Independente da Praça da Bandeira
32%
Rio de Janeiro Andaraí Especial (Intendente) Unidos da Flor da Mina do Andaraí
32%
Rio de Janeiro Barra da Tijuca Avaliação Unidos da Barra da Tijuca
25%
Rio de Janeiro Jacarepaguá Avaliação Acadêmicos de Jacarepaguá
24%
Nova Iguaçu Santa Eugênia Acesso (Intendente) Leão de Nova Iguaçu
24%
Duque de Caxias Flor do Jardim Primavera Avaliação Flor do Jardim Primavera
22%
Nova Iguaçu Carmary Especial (Intendente) Império da Uva
22%
Rio de Janeiro Copacabana e Ladeira dos Tabajaras Especial (Intendente) Unidos da Villa Rica
22%
Rio de Janeiro Ricardo de Albuquerque Acesso (Intendente) Império Ricardense
20%
Rio de Janeiro Engenho Novo e Lins de Vasconcelos Acesso (Intendente) Unidos do Cabuçu
20%
Rio de Janeiro Oswaldo Cruz Acesso (Intendente) Rosa de Ouro
19%
Rio de Janeiro Avaliação Guerreiros Tricolores
17%
Petrópolis Avaliação Império de Petrópolis
17%
Rio de Janeiro Ramos e Comunidade Roquette Pinto LIVRES Siri de Ramos
17%
Rio de Janeiro Coelho Neto e Rocha Miranda Especial (Intendente) Unidos da Vila Santa Tereza
17%
Rio de Janeiro Pilares Especial (Intendente) Difícil é o Nome
15%
Rio de Janeiro Engenho de Dentro e Recreio dos Bandeirantes Acesso (Intendente) Imperadores Rubro-Negros
15%
Rio de Janeiro Madureira Acesso (Intendente) Acadêmicos da Diversidade
14%
Rio de Janeiro Tauá Avaliação Acadêmicos do Dendê
12%
Rio de Janeiro Avaliação União Cruzmaltina
12%
Rio de Janeiro Vila Isabel Avaliação Feitiço do Rio
10%
Rio de Janeiro Cachambi Avaliação Unidos do Cabral
10%
Rio de Janeiro Avaliação Novo Império
8%
Rio de Janeiro Avaliação Coroa Imperial
7%
Rio de Janeiro Bangu Especial (Intendente) Passa Régua
7%
Rio de Janeiro Avaliação Peixe Vagabundo
7%
Rio de Janeiro Avaliação União Rio Minas
5%
Rio de Janeiro Avaliação A Majestade do Samba
3%
Nenhum quiz correspondente encontrado
Distribuição das Pontuações
Porcentagem de Pessoas com Cada Pontuação
Percentil de Números Respondidos
Sua Pontuação Histórica
Você não jogou esse quiz